Акустический датчик для получения бронхофонографических данных человека; Неразрушающий контроль; Т. 2

Opis bibliograficzny
Parent link:Неразрушающий контроль: сборник трудов VI Всероссийской научно-практической конференции "Неразрушающий контроль: электронное приборостроение, технологии, безопасность", Томск, 23-27 мая 2016 г./ Национальный исследовательский Томский политехнический университет (ТПУ).— , 2016
Т. 2.— 2016.— [4 с.]
1. autor: Гатауллин А. А.
Korporacja: Национальный исследовательский Томский политехнический университет (ТПУ) Институт неразрушающего контроля (ИНК) Кафедра промышленной и медицинской электроники (ПМЭ)
Kolejni autorzy: Киселева Е. Ю. Екатерина Юрьевна (научный руководитель), Жданов Д. С. Дмитрий Сергеевич
Streszczenie:Заглавие с титульного экрана
Język:rosyjski
Wydane: 2016
Seria:Электронно-измерительные устройства контроля и диагностики в технике и медицине
Hasła przedmiotowe:
Dostęp online:http://earchive.tpu.ru/handle/11683/32715
Format: Elektroniczne Rozdział
KOHA link:https://koha.lib.tpu.ru/cgi-bin/koha/opac-detail.pl?biblionumber=620645

MARC

LEADER 00000naa2a2200000 4500
001 620645
005 20231101133124.0
035 |a (RuTPU)RU\TPU\conf\19148 
035 |a RU\TPU\conf\19147 
090 |a 620645 
100 |a 20161006d2016 k y0rusy50 ca 
101 0 |a rus 
102 |a RU 
105 |a y z 101zy 
135 |a drcn ---uucaa 
181 0 |a i  
182 0 |a b 
200 1 |a Акустический датчик для получения бронхофонографических данных человека  |f А. А. Гатауллин, Е. Ю. Киселева, Д. С. Жданов  |g науч. рук. Е. Ю. Киселева 
203 |a Текст  |c электронный 
225 1 |a Электронно-измерительные устройства контроля и диагностики в технике и медицине 
230 |a 1 компьютерный файл (pdf; 572 Kb) 
300 |a Заглавие с титульного экрана 
320 |a [Библиогр.: 4 назв.] 
461 1 |0 (RuTPU)RU\TPU\conf\19000  |t Неразрушающий контроль  |o сборник трудов VI Всероссийской научно-практической конференции "Неразрушающий контроль: электронное приборостроение, технологии, безопасность", Томск, 23-27 мая 2016 г.  |o в 3 т.  |f Национальный исследовательский Томский политехнический университет (ТПУ)  |d 2016 
463 1 |0 (RuTPU)RU\TPU\conf\19002  |t Т. 2  |v [4 с.]  |d 2016 
610 1 |a труды учёных ТПУ 
610 1 |a электронные ресурсы 
610 1 |a акустические датчики 
610 1 |a прототипирование 
610 1 |a 3D-принтеры 
610 1 |a преобразователи 
610 1 |a математический анализ 
700 1 |a Гатауллин  |b А. А. 
701 1 |a Киселева  |b Е. Ю.  |c специалист в области электроники  |c доцент Томского политехнического университета, кандидат технических наук  |f 1983-  |g Екатерина Юрьевна  |2 stltpush  |3 (RuTPU)RU\TPU\pers\25731 
701 1 |a Жданов  |b Д. С.  |c электрофизик  |c ассистент Томского политехнического университета  |f 1985-  |g Дмитрий Сергеевич  |2 stltpush  |3 (RuTPU)RU\TPU\pers\32721 
702 1 |a Киселева  |b Е. Ю.  |c специалист в области электроники  |c доцент Томского политехнического университета, кандидат технических наук  |f 1983-  |g Екатерина Юрьевна  |2 stltpush  |4 727 
712 0 2 |a Национальный исследовательский Томский политехнический университет (ТПУ)  |b Институт неразрушающего контроля (ИНК)  |b Кафедра промышленной и медицинской электроники (ПМЭ)  |h 64  |2 stltpush  |3 (RuTPU)RU\TPU\col\18719 
801 2 |a RU  |b 63413507  |c 20161021  |g RCR 
856 4 |u http://earchive.tpu.ru/handle/11683/32715 
942 |c BK